000 00821nam a22002657a 4500
001 BR0002813
003 BR-BrBNA
005 20230928100714.0
007 ta
008 230509b bl.||||| |||| 00| 0 por d
040 _aBR-BrBNA
_bpor
_cBiblioteca Nacional de Agricultura
041 _a(Por)
072 _aE16
_b0210
_b3575
090 _ 0210 BR0002813
100 1 _aAlmeida, G.A. de
110 1 _aSecretaria Nacional de Producao Agropecuaria, Brasilia, DF (Brasil). Secretaria de Producao Vegetal
_99238
245 1 _aEstrutura dos custos de producao de batata-semente (semente basica importada)
260 3 _aBrasilia, DF (Brasil):
_c1979.
300 _a29 p.
500 _aNumerical data
650 _aBatata Semente
650 _aCusto de Producao
909 _a202309
_bLucia
_c55
_dLucia Elande
942 _cBK
999 _c62421
_d62421